| 000 | 00673cam a22002413a 4500 | ||
|---|---|---|---|
| 001 | 25559 | ||
| 003 | PGUSA | ||
| 005 | 20140828083541.0 | ||
| 008 | 080522s2008||||xxu|||||s|||||000 1 eng d | ||
| 040 |
_aPGUSA _beng |
||
| 042 | _adc | ||
| 050 | 4 | _aPL | |
| 100 | 1 |
_aLu, Xun, _d1881-1936 |
|
| 245 | 1 | 0 |
_a中國小說史略 _h[electronic resource] / _cXun Lu |
| 260 |
_bProject Gutenberg, _c2008 |
||
| 506 | _aPublic domain in the USA. | ||
| 516 | _aElectronic text | ||
| 653 | _aChinese fiction -- History and criticism | ||
| 740 | 0 | _aZhongguo xiao shuo shi lue | |
| 830 | 0 |
_aProject Gutenberg _v25559 |
|
| 856 | 4 | 0 | _uhttp://www.gutenberg.org/ebooks/25559 |
| 942 | _cEB | ||
| 999 |
_c254814 _d254814 |
||